| 000 | 00526nam a2200181Ia 4500 | ||
|---|---|---|---|
| 005 | 20250326125447.0 | ||
| 008 | 250326s9999 xx 000 0 und d | ||
| 037 | _aTextbook | ||
| 040 |
_aFMSL _beng _cFMSL |
||
| 041 |
_aeng _2eng |
||
| 084 |
_aYobL P2 _qFMSL |
||
| 100 |
_aNettleton S _9739134 |
||
| 245 | 0 |
_aSociology of health and illness reader _cNettleton S; Gustafsson U |
|
| 260 |
_aUnited Kingdom _bUnited Kingdom, Polity _c2002 |
||
| 300 | _a372p | ||
| 942 |
_cTB _hYobL P2 |
||
| 999 |
_c1278163 _d1278163 |
||